| 000 | 01187nam0a2200325 4500 | ||
|---|---|---|---|
| 001 | RU\NLR\BIBL_A\012587694 | ||
| 005 | 20211126153936.0 | ||
| 010 |
_a978-5-907338-14-2 _94000 |
||
| 021 |
_aRU _bКН-П-21-028353 _9КН-П-21-2194 |
||
| 035 | _a(NLR Aleph) 012587694 | ||
| 090 |
_a12542126 _c12542126 |
||
| 100 | _a20210830d2021 u y0rusy50 ca | ||
| 101 | 1 |
_arus _ceng |
|
| 102 | _aRU | ||
| 105 | _ay z 000ay | ||
| 181 | 0 |
_ai4 _baxxe |
|
| 182 | 0 | _an | |
| 200 | 1 |
_aПуть отмщения _e[роман] _fЭрин Боумен _gперевела с английского Мария Валеева _gхудожник: Екатерина Скворцова |
|
| 203 |
_aТекст _bвизуальный _cнепосредственный |
||
| 210 |
_aСанкт-Петербург _cАркадия _d2021 |
||
| 215 |
_a346, [6] с. _d21 |
||
| 225 | 1 | _aНа семи ветрах | |
| 333 | _a16+ | ||
| 686 | 1 | _aШ6(7США)67-446{Лх1979-60} | |
| 700 | 1 |
_7ca _8rus _aБоумен _bЭ. _gЭрин _9236487 _3RU\NLR\AUTH\770236543 |
|
| 942 | _cBOOK | ||
| 980 | _aNB | ||